| 000 | 00586nam a2200181Ia 4500 | ||
|---|---|---|---|
| 008 | 100917s9999 xx 000 0 und d | ||
| 082 | _b53797 | ||
| 100 | _aनिरंतर गं. भा. | ||
| 245 | _aग्रंथांच्या सहवासात | ||
| 260 |
_bपरचुरे, पुराणिक _c1945 |
||
| 300 | _a108 | ||
| 365 | _b2 | ||
| 520 | _aनिबंध | ||
| 630 | _aग्रंथांच्या सहवासात | ||
| 650 | _aनिबंध | ||
| 730 | _aग्रंथांच्या सहवासात | ||
| 942 | _cBOOK | ||
| 999 |
_c659191 _d659188 |
||